000 00303nam a2200121Ia 4500
999 _c10514
_d10514
008 220318s9999 xx 000 0 und d
020 _a9780823040087
082 _a729
_bPIL
100 _aPile, John F.
245 0 _aPerspective for Interior Designers
260 _bWatson-Guptill,
_c1989
942 _2ddc